La inteligencia reformulada: las inteligencias múltiples en el siglo XXI

Saved in:
Bibliografiske detaljer
Hovedforfatter: Gardner, Howard (Author)
Format: Bog
Sprog:spansk
Udgivet: Barcelona Paidós 2001
Serier:Paidós Transiciones
Fag:
Tags: Tilføj Tag
Ingen Tags, Vær først til at tagge denne postø!

MARC

LEADER 00000nam a2200000 a 4500
001 UCM2937
003 CL-VaPUC
008 020621e20010000SP |||||||||||||||||spa|d
020 |a 8449310296 
082 0 4 |a 153.9  |b GAR  |2 21 
100 |a Gardner, Howard  |e author  |9 245668 
245 1 3 |a La inteligencia reformulada: las inteligencias múltiples en el siglo XXI 
300 |a 270 p 
942 |c BK 
945 |d 20020621 00:00:00  |a cmena 
260 |a Barcelona  |b Paidós  |c 2001 
650 0 |a Procesos mentales superiores  |9 330839 
650 0 |a Cognición   |9 270347 
650 0 |a Inteligencia  |9 267038 
650 0 |a Inteligencias múltiples  |9 469698 
650 0 |a Psicología educacional   |9 307830 
583 |a last modification  |c 20020621 00:00:00  |k Rodrigo Vera 
490 0 |a Paidós Transiciones 
999 |c 300547  |d 300545 
952 |0 0  |1 0  |4 0  |6 153_900000000000000_GAR_2001  |7 0  |8 A  |9 358459  |a BIBEDU  |b BIBEDU  |d 2019-11-21  |i 3814378  |o 153.9 GAR 2001  |p 3814378  |r 2019-11-21  |w 2019-11-21  |y BK  |k EDU 
952 |0 0  |1 0  |4 0  |6 153_900000000000000_GAR_2001  |7 0  |8 A  |9 358460  |a BIBEDU  |b BIBEDU  |d 2019-11-21  |i 3820424  |o 153.9 GAR 2001  |p 3820424  |r 2019-11-21  |w 2019-11-21  |y BK  |k PSI 
952 |0 0  |1 0  |4 0  |6 153_900000000000000_GAR_2001  |7 0  |8 A  |9 358461  |a BIBING  |b BIBING  |d 2019-11-21  |i 4283260  |o 153.9 GAR 2001  |p 4283260  |r 2025-01-20  |w 2019-11-21  |y BK  |k GEO 
952 |0 0  |1 0  |4 0  |6 153_900000000000000_GAR_2001  |7 0  |8 A  |9 358462  |a BIBEDU  |b BIBEDU  |d 2019-11-21  |i 4372174  |l 1  |o 153.9 GAR 2001  |p 4372174  |r 2022-05-04  |s 2022-04-04  |w 2019-11-21  |y BK  |k PSI